| 000 | 00629nam a2200217 a 4500 | ||
|---|---|---|---|
| 001 | 1382 | ||
| 003 | CDMR | ||
| 005 | 20131211131006.0 | ||
| 008 | 130130s2007||||sp |||||||||||||||||cat|d | ||
| 020 | _a9788497662109 | ||
| 040 |
_aCDMR _bcat _cCDMR |
||
| 100 | 1 |
_93239 _aSoriano Clemente, Jaume |
|
| 245 | 1 | 2 |
_aL'ofici de comunicòleg _b: mètodes per investigar la comunicació _cJaume Soriano |
| 260 |
_aVic _bEumo _c2007 |
||
| 300 | _a284 p. | ||
| 490 | 0 | _aManual Universitat de Vic | |
| 490 | 0 |
_aMedia TK _v5 |
|
| 650 | 0 | 4 |
_9405 _aMitjans de comunicació de massa |
| 650 | 0 | 4 |
_93284 _aComunicació _xInvestigació |
| 942 |
_cMON _2udc |
||
| 999 |
_c1382 _d1382 |
||